Yeast physiology and biotechnology

সংরক্ষণ করুন:
গ্রন্থ-পঞ্জীর বিবরন
প্রধান লেখক: Walker, Graeme M (Author)
বিন্যাস: গ্রন্থ
ভাষা:ইংরেজি
প্রকাশিত: Nueva York John Wiley 1998
বিষয়গুলি:
ট্যাগগুলো: ট্যাগ যুক্ত করুন
কোনো ট্যাগ নেই, প্রথমজন হিসাবে ট্যাগ করুন!

MARC

LEADER 00000nam a2200000 a 4500
001 UCN0869
003 CL-VaPUC
008 010406e19980000US |||||||||||||||||eng|d
082 0 4 |a 571.29563  |b WAL  |2 21 
100 0 |a Walker, Graeme M  |e author  |9 456217 
245 1 0 |a Yeast physiology and biotechnology 
300 |a 350 p 
942 |c BK 
945 |d 20010406 00:00:00  |a cmena 
260 |a Nueva York  |b John Wiley  |c 1998 
650 7 |a LEVADURA  |2 CL-VaPUC  |9 456218 
650 7 |a LEVADURA - FISIOLOGIA  |2 CL-VaPUC  |9 456219 
650 7 |a LEVADURA - BIOTECNOLOGIA  |2 CL-VaPUC  |9 456220 
583 |a last modification  |c 20010406 00:00:00  |k Rodrigo Vera 
999 |c 294484  |d 294482 
952 |0 0  |1 0  |4 0  |6 571_295630000000000_WAL_1998  |7 0  |8 A  |9 346952  |a BIBING  |b BIBING  |d 2019-11-20  |i 3693511  |o 571.29563 WAL 1998  |p 3693511  |r 2025-01-20  |w 2019-11-20  |y BK  |k EIB 
952 |0 0  |1 0  |4 0  |6 571_295630000000000_WAL_1998  |7 0  |8 A  |9 346953  |a BIBING  |b BIBING  |d 2019-11-20  |i 3826058  |o 571.29563 WAL 1998  |p 3826058  |r 2025-01-20  |w 2019-11-20  |y BK  |k ING